000 00359nam a22001571a 4500
020 _a9788171380411
082 _aH3
_bCHI/G
100 _aChitra Mudgal
245 _aGilligadu/
_cby Chitra Mudgal
260 _aNew Delhi:
_bSamayik,
_c2002.
300 _a144p.
650 _aNovel Hindi
650 _aLiterature Hindi
650 _aLiterature
942 _cBK
999 _c15978
_d15978